| 000 | 00383nam a22001577a 4500 | ||
|---|---|---|---|
| 005 | 20160429142314.0 | ||
| 008 | 160429b xxu||||| |||| 00| 0 eng d | ||
| 041 | _aeng | ||
| 082 | _b00900 | ||
| 100 |
_aSheikh Arib Fatima Kaniz _9253 |
||
| 245 | _aRetail Management | ||
| 260 |
_aMumbai _bHimalya Publishing House, _c2008 |
||
| 300 | _a483 | ||
| 650 |
_aManagement _9241 |
||
| 942 | _cBK | ||
| 999 |
_c291 _d291 |
||